<?xml version="1.0" encoding="UTF-8"?>
<record
    xmlns:xsi="http://www.w3.org/2001/XMLSchema-instance"
    xsi:schemaLocation="http://www.loc.gov/MARC21/slim http://www.loc.gov/standards/marcxml/schema/MARC21slim.xsd"
    xmlns="http://www.loc.gov/MARC21/slim">

  <leader>03431nam a2200493Ia 4500</leader>
  <datafield tag="952" ind1=" " ind2=" ">
    <subfield code="0">0</subfield>
    <subfield code="1">0</subfield>
    <subfield code="4">0</subfield>
    <subfield code="7">0</subfield>
    <subfield code="a">11</subfield>
    <subfield code="b">11</subfield>
    <subfield code="d">2011-05-31</subfield>
    <subfield code="l">3</subfield>
    <subfield code="o">LB2395 L69 2008</subfield>
    <subfield code="p">11 009200</subfield>
    <subfield code="r">2014-08-06</subfield>
    <subfield code="s">2014-08-04</subfield>
    <subfield code="t">1</subfield>
    <subfield code="w">2012-06-26</subfield>
    <subfield code="y">LB</subfield>
  </datafield>
  <datafield tag="952" ind1=" " ind2=" ">
    <subfield code="0">0</subfield>
    <subfield code="1">0</subfield>
    <subfield code="4">0</subfield>
    <subfield code="7">0</subfield>
    <subfield code="a">11</subfield>
    <subfield code="b">11</subfield>
    <subfield code="d">2011-05-31</subfield>
    <subfield code="l">9</subfield>
    <subfield code="o">LB2395 L69 2008</subfield>
    <subfield code="p">11 009201</subfield>
    <subfield code="r">2017-04-26</subfield>
    <subfield code="s">2017-04-26</subfield>
    <subfield code="t">2</subfield>
    <subfield code="w">2012-06-26</subfield>
    <subfield code="y">LB</subfield>
  </datafield>
  <datafield tag="952" ind1=" " ind2=" ">
    <subfield code="0">0</subfield>
    <subfield code="1">0</subfield>
    <subfield code="4">0</subfield>
    <subfield code="7">0</subfield>
    <subfield code="a">11</subfield>
    <subfield code="b">11</subfield>
    <subfield code="d">2011-05-31</subfield>
    <subfield code="l">3</subfield>
    <subfield code="o">LB2395 L69 2008</subfield>
    <subfield code="p">11 009202</subfield>
    <subfield code="r">2015-12-05</subfield>
    <subfield code="s">2015-12-05</subfield>
    <subfield code="t">3</subfield>
    <subfield code="w">2012-06-26</subfield>
    <subfield code="y">LB</subfield>
  </datafield>
  <datafield tag="952" ind1=" " ind2=" ">
    <subfield code="0">0</subfield>
    <subfield code="1">0</subfield>
    <subfield code="2">lcc</subfield>
    <subfield code="4">0</subfield>
    <subfield code="7">0</subfield>
    <subfield code="a">13</subfield>
    <subfield code="b">13</subfield>
    <subfield code="d">2014-11-10</subfield>
    <subfield code="l">1</subfield>
    <subfield code="o">LB2395 L69 2008</subfield>
    <subfield code="p">13 003278</subfield>
    <subfield code="r">2018-11-10</subfield>
    <subfield code="s">2018-11-10</subfield>
    <subfield code="t">2</subfield>
    <subfield code="w">2014-11-10</subfield>
    <subfield code="y">LB</subfield>
  </datafield>
  <datafield tag="952" ind1=" " ind2=" ">
    <subfield code="0">0</subfield>
    <subfield code="1">0</subfield>
    <subfield code="4">0</subfield>
    <subfield code="7">0</subfield>
    <subfield code="a">14</subfield>
    <subfield code="b">14</subfield>
    <subfield code="d">2014-11-20</subfield>
    <subfield code="l">0</subfield>
    <subfield code="o">LB2395 L69 2008</subfield>
    <subfield code="p">14 005389</subfield>
    <subfield code="r">2014-11-20</subfield>
    <subfield code="t">1</subfield>
    <subfield code="w">2014-11-20</subfield>
    <subfield code="y">LB</subfield>
  </datafield>
  <datafield tag="952" ind1=" " ind2=" ">
    <subfield code="0">0</subfield>
    <subfield code="1">0</subfield>
    <subfield code="4">0</subfield>
    <subfield code="7">0</subfield>
    <subfield code="a">14</subfield>
    <subfield code="b">14</subfield>
    <subfield code="d">2014-11-25</subfield>
    <subfield code="l">2</subfield>
    <subfield code="o">LB2395 L69 2008</subfield>
    <subfield code="p">14 005444</subfield>
    <subfield code="r">2018-08-20</subfield>
    <subfield code="s">2018-08-20</subfield>
    <subfield code="t">2</subfield>
    <subfield code="w">2014-11-25</subfield>
    <subfield code="y">LB</subfield>
  </datafield>
  <datafield tag="952" ind1=" " ind2=" ">
    <subfield code="0">0</subfield>
    <subfield code="1">0</subfield>
    <subfield code="4">0</subfield>
    <subfield code="7">0</subfield>
    <subfield code="a">03</subfield>
    <subfield code="b">03</subfield>
    <subfield code="d">2014-11-27</subfield>
    <subfield code="l">3</subfield>
    <subfield code="o">LB2395 L69 2008</subfield>
    <subfield code="p">03 007492</subfield>
    <subfield code="r">2018-06-04</subfield>
    <subfield code="s">2018-06-02</subfield>
    <subfield code="t">1</subfield>
    <subfield code="w">2014-11-27</subfield>
    <subfield code="y">LB</subfield>
  </datafield>
  <datafield tag="952" ind1=" " ind2=" ">
    <subfield code="0">0</subfield>
    <subfield code="1">0</subfield>
    <subfield code="4">0</subfield>
    <subfield code="7">0</subfield>
    <subfield code="a">23</subfield>
    <subfield code="b">23</subfield>
    <subfield code="d">2014-12-05</subfield>
    <subfield code="l">5</subfield>
    <subfield code="o">LB2395 L69 2008</subfield>
    <subfield code="p">23 004134</subfield>
    <subfield code="r">2023-03-07</subfield>
    <subfield code="s">2019-10-03</subfield>
    <subfield code="t">1</subfield>
    <subfield code="w">2014-12-05</subfield>
    <subfield code="y">LB</subfield>
  </datafield>
  <datafield tag="952" ind1=" " ind2=" ">
    <subfield code="0">0</subfield>
    <subfield code="1">0</subfield>
    <subfield code="2">lcc</subfield>
    <subfield code="4">0</subfield>
    <subfield code="7">0</subfield>
    <subfield code="a">15</subfield>
    <subfield code="b">15</subfield>
    <subfield code="d">2015-04-06</subfield>
    <subfield code="l">3</subfield>
    <subfield code="o">378.001 L925e 2008</subfield>
    <subfield code="p">15 004610</subfield>
    <subfield code="r">2017-12-07</subfield>
    <subfield code="s">2016-07-07</subfield>
    <subfield code="t">1</subfield>
    <subfield code="w">2015-04-06</subfield>
    <subfield code="y">LB</subfield>
  </datafield>
  <datafield tag="952" ind1=" " ind2=" ">
    <subfield code="0">0</subfield>
    <subfield code="1">0</subfield>
    <subfield code="2">lcc</subfield>
    <subfield code="4">0</subfield>
    <subfield code="7">0</subfield>
    <subfield code="a">25</subfield>
    <subfield code="b">25</subfield>
    <subfield code="d">2015-04-06</subfield>
    <subfield code="l">0</subfield>
    <subfield code="o">LB1060 L68 2008</subfield>
    <subfield code="p">06 000496</subfield>
    <subfield code="r">2015-04-06</subfield>
    <subfield code="t">1</subfield>
    <subfield code="w">2015-04-06</subfield>
    <subfield code="y">LB</subfield>
  </datafield>
  <datafield tag="952" ind1=" " ind2=" ">
    <subfield code="0">0</subfield>
    <subfield code="1">0</subfield>
    <subfield code="2">lcc</subfield>
    <subfield code="4">0</subfield>
    <subfield code="7">0</subfield>
    <subfield code="a">08</subfield>
    <subfield code="b">08</subfield>
    <subfield code="d">2015-04-06</subfield>
    <subfield code="l">44</subfield>
    <subfield code="m">2</subfield>
    <subfield code="o">LB2395 L925 2008</subfield>
    <subfield code="p">08 004137</subfield>
    <subfield code="r">2023-10-31</subfield>
    <subfield code="s">2023-10-31</subfield>
    <subfield code="t">1</subfield>
    <subfield code="w">2015-04-06</subfield>
    <subfield code="y">LB</subfield>
  </datafield>
  <datafield tag="952" ind1=" " ind2=" ">
    <subfield code="0">0</subfield>
    <subfield code="1">0</subfield>
    <subfield code="2">lcc</subfield>
    <subfield code="4">0</subfield>
    <subfield code="7">0</subfield>
    <subfield code="a">07</subfield>
    <subfield code="b">07</subfield>
    <subfield code="d">2015-04-06</subfield>
    <subfield code="l">5</subfield>
    <subfield code="o">LB2395 L69 2008</subfield>
    <subfield code="p">07 004414</subfield>
    <subfield code="r">2018-07-10</subfield>
    <subfield code="s">2018-07-10</subfield>
    <subfield code="t">1</subfield>
    <subfield code="w">2015-04-06</subfield>
    <subfield code="y">LB</subfield>
  </datafield>
  <datafield tag="952" ind1=" " ind2=" ">
    <subfield code="0">0</subfield>
    <subfield code="1">0</subfield>
    <subfield code="2">lcc</subfield>
    <subfield code="4">0</subfield>
    <subfield code="7">0</subfield>
    <subfield code="a">07</subfield>
    <subfield code="b">07</subfield>
    <subfield code="d">2015-04-06</subfield>
    <subfield code="l">5</subfield>
    <subfield code="o">LB2395 L69 2008</subfield>
    <subfield code="p">07 004672</subfield>
    <subfield code="r">2019-05-06</subfield>
    <subfield code="s">2019-05-03</subfield>
    <subfield code="t">2</subfield>
    <subfield code="w">2015-04-06</subfield>
    <subfield code="y">LB</subfield>
  </datafield>
  <datafield tag="952" ind1=" " ind2=" ">
    <subfield code="0">0</subfield>
    <subfield code="1">0</subfield>
    <subfield code="2">lcc</subfield>
    <subfield code="4">0</subfield>
    <subfield code="7">0</subfield>
    <subfield code="a">01</subfield>
    <subfield code="b">01</subfield>
    <subfield code="d">2015-04-06</subfield>
    <subfield code="l">0</subfield>
    <subfield code="o">370.1523 L949e 2008</subfield>
    <subfield code="p">01 013598</subfield>
    <subfield code="r">2015-04-06</subfield>
    <subfield code="t">1</subfield>
    <subfield code="w">2015-04-06</subfield>
    <subfield code="y">LB</subfield>
  </datafield>
  <datafield tag="952" ind1=" " ind2=" ">
    <subfield code="0">0</subfield>
    <subfield code="1">0</subfield>
    <subfield code="4">0</subfield>
    <subfield code="7">0</subfield>
    <subfield code="a">20</subfield>
    <subfield code="b">20</subfield>
    <subfield code="d">2015-04-06</subfield>
    <subfield code="l">11</subfield>
    <subfield code="o">LB2395 L69  2008</subfield>
    <subfield code="p">20 002350</subfield>
    <subfield code="r">2023-04-13</subfield>
    <subfield code="s">2023-04-11</subfield>
    <subfield code="t">1</subfield>
    <subfield code="w">2015-04-06</subfield>
    <subfield code="y">LB</subfield>
  </datafield>
  <datafield tag="952" ind1=" " ind2=" ">
    <subfield code="0">0</subfield>
    <subfield code="1">0</subfield>
    <subfield code="2">lcc</subfield>
    <subfield code="4">0</subfield>
    <subfield code="7">0</subfield>
    <subfield code="a">03</subfield>
    <subfield code="b">03</subfield>
    <subfield code="d">2015-08-31</subfield>
    <subfield code="l">0</subfield>
    <subfield code="o">LB2395 L69 2008</subfield>
    <subfield code="p">03 008030</subfield>
    <subfield code="r">2015-08-31</subfield>
    <subfield code="t">2</subfield>
    <subfield code="w">2015-08-31</subfield>
    <subfield code="y">LB</subfield>
  </datafield>
  <datafield tag="952" ind1=" " ind2=" ">
    <subfield code="0">0</subfield>
    <subfield code="1">0</subfield>
    <subfield code="4">0</subfield>
    <subfield code="7">0</subfield>
    <subfield code="a">11</subfield>
    <subfield code="b">11</subfield>
    <subfield code="d">2015-10-16</subfield>
    <subfield code="l">0</subfield>
    <subfield code="o">LB2395 L69 2008</subfield>
    <subfield code="p">11 011994</subfield>
    <subfield code="r">2015-10-16</subfield>
    <subfield code="t">4</subfield>
    <subfield code="w">2015-10-16</subfield>
    <subfield code="y">LB</subfield>
  </datafield>
  <datafield tag="952" ind1=" " ind2=" ">
    <subfield code="0">0</subfield>
    <subfield code="1">0</subfield>
    <subfield code="2">lcc</subfield>
    <subfield code="4">0</subfield>
    <subfield code="7">0</subfield>
    <subfield code="a">13</subfield>
    <subfield code="b">13</subfield>
    <subfield code="d">2016-01-07</subfield>
    <subfield code="l">0</subfield>
    <subfield code="o">LB2395 L69 2008</subfield>
    <subfield code="p">13 002779</subfield>
    <subfield code="r">2016-01-07</subfield>
    <subfield code="t">1</subfield>
    <subfield code="w">2016-01-07</subfield>
    <subfield code="y">LB</subfield>
  </datafield>
  <datafield tag="952" ind1=" " ind2=" ">
    <subfield code="0">0</subfield>
    <subfield code="1">0</subfield>
    <subfield code="2">lcc</subfield>
    <subfield code="4">0</subfield>
    <subfield code="7">0</subfield>
    <subfield code="a">14</subfield>
    <subfield code="b">14</subfield>
    <subfield code="d">2016-06-07</subfield>
    <subfield code="l">3</subfield>
    <subfield code="o">LB2395 L69 2008</subfield>
    <subfield code="p">14 006376</subfield>
    <subfield code="r">2019-10-03</subfield>
    <subfield code="s">2019-10-03</subfield>
    <subfield code="t">3</subfield>
    <subfield code="w">2016-06-07</subfield>
    <subfield code="y">LB</subfield>
  </datafield>
  <datafield tag="952" ind1=" " ind2=" ">
    <subfield code="0">0</subfield>
    <subfield code="1">0</subfield>
    <subfield code="4">0</subfield>
    <subfield code="7">0</subfield>
    <subfield code="a">13</subfield>
    <subfield code="b">13</subfield>
    <subfield code="d">2016-09-22</subfield>
    <subfield code="l">2</subfield>
    <subfield code="o">LB2395 L69 2008</subfield>
    <subfield code="p">13 004339</subfield>
    <subfield code="r">2019-05-23</subfield>
    <subfield code="s">2019-05-23</subfield>
    <subfield code="t">3</subfield>
    <subfield code="w">2016-09-22</subfield>
    <subfield code="y">LB</subfield>
  </datafield>
  <datafield tag="952" ind1=" " ind2=" ">
    <subfield code="0">0</subfield>
    <subfield code="1">0</subfield>
    <subfield code="4">0</subfield>
    <subfield code="7">0</subfield>
    <subfield code="a">19</subfield>
    <subfield code="b">19</subfield>
    <subfield code="d">2016-09-29</subfield>
    <subfield code="l">0</subfield>
    <subfield code="o">LB2395 L69 2008</subfield>
    <subfield code="p">19 002693</subfield>
    <subfield code="r">2016-09-29</subfield>
    <subfield code="t">1</subfield>
    <subfield code="w">2016-09-29</subfield>
    <subfield code="y">LB</subfield>
  </datafield>
  <datafield tag="952" ind1=" " ind2=" ">
    <subfield code="0">0</subfield>
    <subfield code="1">0</subfield>
    <subfield code="4">0</subfield>
    <subfield code="7">0</subfield>
    <subfield code="a">20</subfield>
    <subfield code="b">20</subfield>
    <subfield code="d">2016-09-30</subfield>
    <subfield code="l">7</subfield>
    <subfield code="o">LB2395 L69 2008</subfield>
    <subfield code="p">20 003415</subfield>
    <subfield code="r">2020-03-05</subfield>
    <subfield code="s">2020-03-05</subfield>
    <subfield code="t">2</subfield>
    <subfield code="w">2016-09-30</subfield>
    <subfield code="y">LB</subfield>
  </datafield>
  <datafield tag="952" ind1=" " ind2=" ">
    <subfield code="0">0</subfield>
    <subfield code="1">0</subfield>
    <subfield code="4">0</subfield>
    <subfield code="7">0</subfield>
    <subfield code="a">11</subfield>
    <subfield code="b">11</subfield>
    <subfield code="d">2017-07-13</subfield>
    <subfield code="l">0</subfield>
    <subfield code="o">LB2395 L69 2008</subfield>
    <subfield code="p">11 013599</subfield>
    <subfield code="r">2017-07-13</subfield>
    <subfield code="t">5</subfield>
    <subfield code="w">2017-07-13</subfield>
    <subfield code="y">LB</subfield>
  </datafield>
  <datafield tag="999" ind1=" " ind2=" ">
    <subfield code="c">72833</subfield>
    <subfield code="d">72833</subfield>
  </datafield>
  <controlfield tag="005">20231102151105.0</controlfield>
  <controlfield tag="008">120626s2008   mx            000 0 spa d</controlfield>
  <datafield tag="020" ind1=" " ind2=" ">
    <subfield code="a">9789682483066</subfield>
  </datafield>
  <datafield tag="050" ind1=" " ind2=" ">
    <subfield code="a">LB2395</subfield>
    <subfield code="b">L69 2008</subfield>
  </datafield>
  <datafield tag="082" ind1=" " ind2=" ">
    <subfield code="a">370.1523 </subfield>
    <subfield code="b">L68e 2008</subfield>
  </datafield>
  <datafield tag="100" ind1=" " ind2=" ">
    <subfield code="a">Lozano Rodr&#xED;guez, Armando</subfield>
    <subfield code="e">autor</subfield>
  </datafield>
  <datafield tag="245" ind1=" " ind2=" ">
    <subfield code="a">Estilos de aprendizaje y ense&#xF1;anza</subfield>
    <subfield code="b"> : un panorama de la est&#xED;listica educativa</subfield>
    <subfield code="c"> / Armando Lozano Rodr&#xED;guez</subfield>
  </datafield>
  <datafield tag="250" ind1=" " ind2=" ">
    <subfield code="a">2a. edici&#xF3;n</subfield>
  </datafield>
  <datafield tag="260" ind1=" " ind2=" ">
    <subfield code="a">M&#xE9;xico </subfield>
    <subfield code="b"> : Trillas ; ITESM</subfield>
    <subfield code="c">, 2008</subfield>
  </datafield>
  <datafield tag="300" ind1=" " ind2=" ">
    <subfield code="a">116 p&#xE1;ginas</subfield>
  </datafield>
  <datafield tag="500" ind1=" " ind2=" ">
    <subfield code="a">Reimpresion: 2011</subfield>
  </datafield>
  <datafield tag="504" ind1=" " ind2=" ">
    <subfield code="a">Bibliograf&#xED;a (pp.115-116) </subfield>
  </datafield>
  <datafield tag="505" ind1=" " ind2=" ">
    <subfield code="a">Las diferencias individuales y los estilos
Teor&#xED;as sobre estilos cognitivos
Teor&#xED;as sobre los estilos de aprendizaje
Teor&#xED;as sobre los estilos de ense&#xF1;anza</subfield>
  </datafield>
  <datafield tag="519" ind1=" " ind2=" ">
    <subfield code="a">Plan Flexible / </subfield>
    <subfield code="b">Maestr&#xED;a en Educaci&#xF3;n / </subfield>
    <subfield code="c">Didactica y Metodolog&#xED;a de la Ense&#xF1;anza (M03-3) / </subfield>
    <subfield code="d">(19 002693)</subfield>
  </datafield>
  <datafield tag="519" ind1=" " ind2=" ">
    <subfield code="a">Plan Flexible / </subfield>
    <subfield code="b">Maestr&#xED;a en Educaci&#xF3;n / </subfield>
    <subfield code="c">Didactica y Metodolog&#xED;a de la Ense&#xF1;anza (M03-3) / </subfield>
    <subfield code="d">(20 003415)</subfield>
  </datafield>
  <datafield tag="519" ind1=" " ind2=" ">
    <subfield code="a">Plan Flexible /</subfield>
    <subfield code="b">Ingenier&#xED;a Industrial /</subfield>
    <subfield code="c">An&#xE1;lisis de Informaci&#xF3;n y M&#xE9;todos de Estudio (B03-4) /</subfield>
    <subfield code="d">(06 000496)</subfield>
  </datafield>
  <datafield tag="519" ind1=" " ind2=" ">
    <subfield code="a">Plan Flexible /</subfield>
    <subfield code="b">Mtr&#xED;a. en Educaci&#xF3;n /</subfield>
    <subfield code="c">Did&#xE1;ctica de la Metodolog&#xED;a y la Ense&#xF1;anza (M03-3) /</subfield>
    <subfield code="d">(08 004137)</subfield>
  </datafield>
  <datafield tag="519" ind1=" " ind2=" ">
    <subfield code="a">Plan Flexible /</subfield>
    <subfield code="b">Maestria en Juicios Orales /</subfield>
    <subfield code="c">Did&#xE1;ctica de la Metodolog&#xED;a y la Ense&#xF1;anza (M04-3) /</subfield>
    <subfield code="d">(13 002779)</subfield>
  </datafield>
  <datafield tag="519" ind1=" " ind2=" ">
    <subfield code="a">Plan Flexible /</subfield>
    <subfield code="b">Maestria en Juicios Orales /</subfield>
    <subfield code="c">Did&#xE1;ctica de la Metodolog&#xED;a y la Ense&#xF1;anza (M04-3) /</subfield>
    <subfield code="d">(14 005389)</subfield>
  </datafield>
  <datafield tag="519" ind1=" " ind2=" ">
    <subfield code="a">Plan Flexible /</subfield>
    <subfield code="b">Maestria en Juicios Orales /</subfield>
    <subfield code="c">Did&#xE1;ctica de la Metodolog&#xED;a y la Ense&#xF1;anza (M04-3) /</subfield>
    <subfield code="d">(22 000813)</subfield>
  </datafield>
  <datafield tag="519" ind1=" " ind2=" ">
    <subfield code="a">Plan Flexible /</subfield>
    <subfield code="b">Maestria en Docencia /</subfield>
    <subfield code="c">Did&#xE1;ctica y Metodolog&#xED;a de la Ense&#xF1;anza (B03-3) /</subfield>
    <subfield code="d">(03 007492)</subfield>
  </datafield>
  <datafield tag="519" ind1=" " ind2=" ">
    <subfield code="a">Plan Flexible /</subfield>
    <subfield code="b">Maestria en Docencia /</subfield>
    <subfield code="c">Did&#xE1;ctica y Metodolog&#xED;a de la Ense&#xF1;anza (B03-3) /</subfield>
    <subfield code="d">(14 005444)</subfield>
  </datafield>
  <datafield tag="519" ind1=" " ind2=" ">
    <subfield code="a">Plan Flexible /</subfield>
    <subfield code="b">Maestria en Docencia /</subfield>
    <subfield code="c">Did&#xE1;ctica y Metodolog&#xED;a de la Ense&#xF1;anza (B03-3) /</subfield>
    <subfield code="d">(11 011994)
</subfield>
  </datafield>
  <datafield tag="519" ind1=" " ind2=" ">
    <subfield code="a">Plan Flexible /</subfield>
    <subfield code="b">Maestria en Juicios Orales /</subfield>
    <subfield code="c">Did&#xE1;ctica y Metodolog&#xED;a de la Ense&#xF1;anza (M04-3) /</subfield>
    <subfield code="d">(20 002350)</subfield>
  </datafield>
  <datafield tag="650" ind1="1" ind2="4">
    <subfield code="a">EDUCACI&#xD3;N </subfield>
    <subfield code="x">INNOVACIONES</subfield>
  </datafield>
  <datafield tag="650" ind1="2" ind2="4">
    <subfield code="a">EDUCACI&#xD3;N SUPERIOR</subfield>
  </datafield>
  <datafield tag="650" ind1="3" ind2="4">
    <subfield code="a">ENSE&#xD1;ANZA UNIVERSITARIA</subfield>
  </datafield>
  <datafield tag="942" ind1=" " ind2=" ">
    <subfield code="c">LB</subfield>
  </datafield>
</record>
